Poesías completas Romances, Letrillas, Décimas

שמור ב:
מידע ביבליוגרפי
מחבר ראשי: Góngora y Argote, Luis de
פורמט: ספר
שפה:Undetermined
יצא לאור: Buenos Aires, Argentina Sopena 1949
נושאים:
תגים: הוספת תג
אין תגיות, היה/י הראשונ/ה לתייג את הרשומה!

MARC

LEADER 00000nam a2200000Ia 4500
008 170316s9999 xx 000 0 und d
040 |a cru BVZT 
090 |a 862 G-31ps v.1 
100 |a Góngora y Argote, Luis de 
245 |a Poesías completas  |b Romances, Letrillas, Décimas 
260 |a Buenos Aires, Argentina 
260 |b Sopena 
260 |c 1949 
300 |a 191 páginas 
650 |a LITERATURA ESPAÑOLA 
650 |a POESÍA 
942 |c 15 D 
999 |c 9919  |d 9919